00381nam a2200157Ia 4500001000500000005001700005008004100022041000800063082001600071100002500087245005900112260000900171300002700180650000800207654000800215764920260306160510.0260306t2009||||xx |||||||||||||| ||spa|| aESP a352.75bM42 aMendoza, WaltereAUT 0aCenso del 2007:banálisis de temas poblacionales (I) c2009 a60 páginas :c30 cm. aGEN aCAN